Classics of Russian and soviet literature (Record no. 342969)

MARC details
000 -LEADER
fixed length control field 004320000a22001690004500
005 - DATE AND TIME OF LATEST TRANSACTION
control field 20120302053456.0
040 ## - CATALOGING SOURCE
Original cataloging agency ENG
245 ## - TITLE STATEMENT
Title Classics of Russian and soviet literature
260 ## - PUBLICATION, DISTRIBUTION, ETC. (IMPRINT)
Place of publication, distribution, etc Mascow:Social Sciences Today,1976
300 ## - PHYSICAL DESCRIPTION
Extent 139p
365 ## - TRADE PRICE
Price amount Rs.
490 ## - SERIES STATEMENT
Series statement Problems of the Contemporary World
650 ## - SUBJECT ADDED ENTRY--TOPICAL TERM
Topical term or geographic name as entry element Literature
650 ## - SUBJECT ADDED ENTRY--TOPICAL TERM
Topical term or geographic name as entry element English Literature
650 ## - SUBJECT ADDED ENTRY--TOPICAL TERM
Topical term or geographic name as entry element Russian-Soviet Literature
942 ## - ADDED ENTRY ELEMENTS (KOHA)
Koha item type Book
Holdings
Withdrawn status Lost status Damaged status Not for loan Home library Current library Date acquired Total Checkouts Barcode Date last seen Price effective from
        Institute For Oriental Study, Thane Institute For Oriental Study, Thane 12/02/2009   IOS-2164 12/02/2009 12/02/2009